000 00473nam a22001817a 4500
003 OSt
005 20140310182155.0
008 130831t xxu||||| |||| 00| 0 eng d
020 _a0879260149
050 _aBJ 1474
_b.W177 1972
082 _aHS 171.9
_bW15 1972
245 _aThe Philosophy of Egoism
_cJames L. Walker
260 _aColorado Springs :
_bRalf Myles Publisher,
_cc1972.
300 _a62 p.
541 _j1
562 _e1
942 _2lcc
_cHS
_kHS
999 _c10082
_d10082